000 00435nam a2200181Ia 4500
003 OSt
005 20220514122316.0
008 211109s9999||||xx |||||||||||||| ||und||
040 _cSBCL
082 _a900
_bTHO-M
100 _aThomas, C J
245 0 _aManushyante Valarcha
260 _bMagalodayam Limted
_aTrichur
_c1960
300 _a75p
630 _xGeneral Stack
650 _aMALAYALAM LITERATURE
_xMalayalam
942 _cBOOK
999 _c21055
_d21055